000 00363nam a2200157Ia 4500
008 230711s9999||||xx |||||||||||||| ||und||
041 _aENG
082 _a621.3815
_bWA-D
100 _aWakerly,John F
245 0 _aDigital design
250 _a4th Ed.
260 _c2007
_aNew Delhi
_bPearson
300 _a895
650 _aElectronics Engineering
942 _cBK
999 _c4675
_d4675